People Who are 'the Great' - Statistics

General Stats
  • This quiz has been taken 56 times
  • The average score is 5 of 12
Answer Stats
Year of Death Hint Answer % Correct
323 BC King of Macedon Alexander the Great
94%
1796 Empress of Russia Catherine the Great
85%
1725 Tsar and Emperor of Russia Peter the Great
79%
899 King of Wessex Alfred the Great
58%
1786 King of Prussia Frederick the Great
54%
337 Roman Emperor Constantine the Great
46%
1036 King of England, Denmark & Norway Cnut the Great
35%
1170 Holy Roman Emperor Otto the Great
17%
1015 Prince of Novgorod & Grand Prince of Kiev Vladimir the Great
10%
1240 King of Gwynedd Llywelyn the Great
8%
526 King of the Ostrogoths & Regent of the Visigoths Theodoric the Great
6%
1629 King of Kings of Persia Abbas the Great
2%
No matching quizzes found
Score Distribution
Percent of People with Each Score
Percentile by Number Answered
Your Score History
You have not taken this quiz